000 00628nam a2200181Ia 4500
008 151202s9999||||xx |||||||||||||| ||und||
082 _bPNVM-46160
100 _aरविराज भारती.
245 _aराजा रविवर्मा.
260 _b"चित्रकला विद्यापिठ प्रकाशन,पुणे."
260 _c2004
300 _a88
600 _aरविराज भारती.
630 _aराजा रविवर्मा.
700 _aरविराज भारती.
730 _aराजा रविवर्मा.
942 _cBOOK
999 _c1312110
_d1312107